000 01029pam a2200265 a 4500
001 444382
003 NUST-PNEC
005 20170116180715.0
008 821007s1984 nyua 001 0 eng
010 _a 82020798
020 _a007045695X
040 _cPNEC
050 0 0 _aTK3271
_b.M35 1984
082 0 0 _a621.31 MCP
100 1 _aMcPartland, Joseph F.
245 1 0 _aHandbook of practical electrical design /
_cJ.F. McPartland ; assistant editors, Brian J. McPartland ... [et al.].
260 _aNew York :
_bMcGraw-Hill,
_cc1984.
300 _a1 v. (various pagings) :
_bill. ;
_c25 cm.
500 _a"Conforms to prevailing National electrical code requirements."
500 _aIncludes index. http://www.amazon.com/Handbook-Practical-Electrical-Design-McPartland/dp/007045695X/ref=sr_1_1?s=books&ie=UTF8&qid=1413455802&sr=1-1&keywords=007045695X
650 0 _aElectric wiring
_xHandbooks, manuals, etc.
700 1 _aMcPartland, Brian J.
906 _a7
_bcbc
_corignew
_d1
_eocip
_f19
_gy-gencatlg
942 _2ddc
_cBK
999 _c61117
_d61117